Times sulistas no Ranking Nacional de Clubes da CBF - Statistics

Estatísticas Gerais
  • Esse quiz foi jogado 106 vezes
    41 desde o último reset
  • A pontuação média é 13 de 20
Estatísticas das Respostas
Estado Divisão Resposta % Correto
RS Série A Grêmio
97%
PR Série A Athletico Paranaense
95%
PR Série A Coritiba
92%
RS Série A Internacional
92%
SC Série B Criciúma
90%
RS Série B Juventude
90%
SC Série B Avaí
82%
SC Série A Chapecoense
82%
PR Série B Operário
77%
RS Série C Caxias
69%
SC Série C Figueirense
67%
PR Série B Londrina
64%
PR Série C Maringá
62%
SC Série C Brusque
59%
RS Série C Ypiranga de Erechim
59%
RS Série D Brasil de Pelotas
51%
RS Série D São José
44%
PR Série D FC Cascavel
28%
PR Série D Cianorte
26%
RS Série D São Luiz
18%
Nenhum quiz correspondente encontrado
Distribuição das Pontuações
Porcentagem de Pessoas com Cada Pontuação
Percentil de Números Respondidos
Sua Pontuação Histórica
Você não jogou esse quiz desde o último reset